| 000 | 00840nam a2200265Ia 4500 | ||
|---|---|---|---|
| 003 | OSt | ||
| 005 | 20221005104920.0 | ||
| 006 | a|||||r|||| 00| 0 | ||
| 007 | ta | ||
| 008 | 221004b |||||||| |||| 00| 0 hin d | ||
| 020 | _a9789380631042 (hbk) | ||
| 024 | _a21331 | ||
| 037 |
_bGift, 13/07/2015, _cTextual |
||
| 040 |
_aCRL _cCRL _bhin |
||
| 041 |
_2hin _ahin |
||
| 082 | _aO152,1N41, Q0 | ||
| 100 | _aमेहरा, पुष्पा | ||
| 245 | 0 | _aअपना राग | |
| 246 | _aApanā rāga | ||
| 260 |
_aदिल्ली _bसुरभि प्रकाशन भारत _c2010 |
||
| 300 |
_a83पृ0 _ccm. |
||
| 650 | _aहिन्दी साहित्य | ||
| 942 |
_hO152,1N41, Q0 _cTEXL _2cc |
||
| 999 |
_c1014180 _d1014180 |
||